LEADER 01423nam 2200373 a 450 001 9910696118503321 005 20071010082949.0 035 $a(CKB)5470000002375629 035 $a(OCoLC)173956863 035 $a(EXLCZ)995470000002375629 100 $a20071010d2007 ua 0 101 0 $aeng 135 $aurmn||||||||| 181 $ctxt$2rdacontent 182 $cc$2rdamedia 183 $acr$2rdacarrier 200 10$aFederal farm programs$b[electronic resource] $eUSDA needs to strengthen controls to prevent improper payments to estates and deceased individuals : report to the Ranking Member, Committee on Finance, U.S. Senate 210 1$a[Washington, D.C.] :$cU.S. Govt. Accountability Office,$d[2007] 215 $aii, 45 pages $cdigital, PDF file 300 $aTitle from title screen (viewed on Sept. 13, 2007). 300 $a"July 2007." 300 $aPaper version available from: U.S. Govt. Accountability Office, 441 G St., NW, Rm. LM, Washington, D.C. 20548. 300 $a"GAO-07-818." 320 $aIncludes bibliographical references. 517 $aFederal farm programs 606 $aAgricultural subsidies$zUnited States 615 0$aAgricultural subsidies 712 02$aUnited States.$bCongress.$bSenate.$bCommittee on Finance. 801 0$bGPO 801 1$bGPO 906 $aBOOK 912 $a9910696118503321 996 $aFederal farm programs$93515422 997 $aUNINA